1220 1758 1496 1942 1736 1009 1785 1001 1405 1909 1917 1908 1797 1792 1197 1014 1818 1356 1277 1067 1205 1512 1679 1610 1526 1737 1851 1510 1355 1930 1897 1972 1716 1028 1625 1006 1173 1820 1032 1937 1950 2000 1317 1447 1812 1226 1322 1423 1525 1031 1548 1980 1557 1574 1229 1147 1184 1979 1657 1174 1803 1177 1598 1162 1051 1272 1233 1321 1051 1380 1406 1458 1675 1091 1863 1801 1665 1790 1578 1386 1147 1228 1911 1171 1444 1242 1079 1440 1137 1087 1796 1665 1867 1724 1408 1072 1769 1936 1851 BCNSPRNW ULIB Ver.6.0+V

เปลี่ยนเป็นภาษาไทย

Change to English
 แสดงรายละเอียดบรรณานุกรม
  กลับหน้าหลัก

Brief Record : Get Marc (ISO 2709) : E-mail record : QR code < ปิดหน้าต่าง
LEADER : 00000nam 2200000uu 4500
001    13399126698
003     ULIB
008    190212s2561||||th 000 0 tha d
020    ^a9786161825812
060    ^aWY152^bย849ค
100    ^aโยะเนะยะมะ, โยะชิโกะ
245    ^aคู่มือดูแลผู้สูงอายุและผู้ป่วยติดเตียง/^cโยะเนะยะมะ, โยะชิโกะ
250    ^aพิมพ์ครั้งที่ 1
260    ^aกรุงเทพฯ :^bอมรินทร์เฮลท์ อมรินทร์พริ้นติ้งแอนด์พับลิชชิ่ง,^c2561
300    ^a222 หน้า;^b26 ซม.
650    ^aผู้สูงอายุ
650    ^aการดูแลผู้สูงอายุ
650    ^aการดูแลผู้ป่วยติดเตียง
945    ^p285^l0^i27024
945    ^p285^l0^i27023
945    ^p285^l0^i27022
945    ^p285^l0^i27021
999    ^aกัณชพร จุลอักษร
รายการนี้ยังไม่มีแท็ก
คุณยังไม่ได้ล็อกอิน คุณสามารถมีกิจกรรมร่วมกับเว็บไซต์ได้ แต่ต้องล็อกอินก่อน ::
  ล็อกอิน

รายการสื่อสารสนเทศ

ลำดับที่ ประเภท เลขเรียก/บาร์โค้ด สถานที่ สถานะ
1. หนังสือสำรอง
หนังสือสำรอง
WY152 ย849ค ฉ.1 
  Barcode: 27021
ห้องสมุดวิทยาเขตนครสวรรค์
►หนังสือทั่วไป:l:General Books
บนชั้น
2. วิทยาศาสตร์การแพทย์ และสุขภาพ
วิทยาศาสตร์การแพทย์ และสุขภาพ
WY152 ย849ค ฉ.2 
  Barcode: 27022
ห้องสมุดวิทยาเขตนครสวรรค์
►หนังสือทั่วไป:l:General Books
บนชั้น
3. วิทยาศาสตร์การแพทย์ และสุขภาพ
วิทยาศาสตร์การแพทย์ และสุขภาพ
WY152 ย849ค ฉ.3 
  Barcode: 27023
ห้องสมุดวิทยาเขตนครสวรรค์
►หนังสือทั่วไป:l:General Books
บนชั้น
4. วิทยาศาสตร์การแพทย์ และสุขภาพ
วิทยาศาสตร์การแพทย์ และสุขภาพ
WY152 ย849ค ฉ.4 
  Barcode: 27024
ห้องสมุดวิทยาเขตนครสวรรค์
►หนังสือทั่วไป:l:General Books
บนชั้น

รายการใกล้เคียง
    ผู้แต่ง [โยะเนะยะมะ, โยะชิโกะ]

    หัวเรื่อง [ผู้สูงอายุ]
    หัวเรื่อง [การดูแลผู้สูงอายุ]
    หัวเรื่อง [การดูแลผู้ป่วยติดเตียง]

BibComment


ยังไม่เคยถูกคอมเมนท์

คอมเมนท์ทรัพยากรรายการนี้
  คอมเมนท์: คู่มือดูแลผู้สูง..


 Copyright 2026. Bcnsprnw @Library